000 00480nam a22001577a 4500
008 150310b xxu||||| |||| 00| 0 eng d
020 _a019911022
050 _aPN1031.S65 1966
100 _aSidney, Phillip
_916072
245 _aSidney a defence of poetry
_c/by Phillip Sidney
260 _aLondon
_bOxford university Press
_c1966
300 _a112p. ;
_c19cm.
650 _aPoetry
_xEarly works
_916071
700 _aDorsten, J.A. Van (ed.)
_916073
942 _2lcc
_cMONOGRAPH
999 _c122364
_d122364